000 00618cam a22002293a 4500
001 19173
003 PGUSA
005 20140828083415.0
008 060904s2006||||xxu|||||s|||||000 1 eng d
040 _aPGUSA
_beng
042 _adc
050 4 _aPS
100 1 _aStead, Robert J. C.,
_d1880-1959
245 1 4 _aThe Cow Puncher
_h[electronic resource] /
_cRobert J. C. Stead
260 _bProject Gutenberg,
_c2006
506 _aPublic domain in the USA.
516 _aElectronic text
653 _aFiction
830 0 _aProject Gutenberg
_v19173
856 4 0 _uhttp://www.gutenberg.org/ebooks/19173
942 _cEB
999 _c248428
_d248428